• 首页
  • 本馆介绍
  • 公告通知
  • 最新文献
  • 馆藏检索
  • 电子资源
  • 读者导购
  • 参考咨询
  • 我的图书馆
  • 登录
  • 详细信息显示
  • 放入我的书架
  • 预约/预借图书
  • 作者相关作品
  • 分类相关作品
  • 丛书相关作品
  • 出版社相关作品

书目信息

  • 表格格式
  • 工作单格式
  • 卡片格式
题名:
低热值煤燃烧污染控制技术及原理
    
 
作者: 程芳琴 主编
分册:  
出版信息: 北京   科学出版社  2017.4
页数: 346页
开本: 24cm
丛书名:
单 册:
中图分类: X773
科图分类:
主题词: 燃煤发电厂--低热值燃料--燃烧--污染控制
电子资源:
ISBN: 978-7-03-051816-3
000 01095nam0 2200229 450
001 0400009225
005 20171119150427.0
010    @a978-7-03-051816-3@dCNY128.00
100    @a20170619d2017 em y0chiy50 ea
101 0  @achi
102    @aCN@b110000
105    @aab z 000yy
106    @ar
200 1  @a低热值煤燃烧污染控制技术及原理@Adi re zhi mei ran shao wu ran kong zhi ji shu ji yuan li@f程芳琴主编
210    @a北京@c科学出版社@d2017.4
215    @a346页@c图,地图@d24cm
330    @a本书系统总结了前人的研究成果和编者多年来的科研积累,侧重从低热值煤的燃烧中、燃烧后污染物的控制进行介绍。全书围绕低热值煤燃烧生成污染物的控制,系统阐述了燃烧中与燃烧后污染物控制的技术原理和技术工艺与装置,并收集超低排放背景下低热值煤清洁燃烧炉型、污染物控制技术,烟气净化的工艺流程及工程实例,各章之后还附有思考题,供读者复习所介绍内容并拓展相关知识领域,对清洁发电,实现超低排放提供技术支撑,具有重要的理论和现实意义。
606 0  @a燃煤发电厂@x低热值燃料@x燃烧@x污染控制
690    @aX773@v5
701  0 @a程芳琴@Acheng fang qin@4主编
801  0 @aCN@b上海新华@c20171119
905    @b1028731-3@dX773@e261@f3
    
    低热值煤燃烧污染控制技术及原理/程芳琴主编.-北京:科学出版社,2017.4
    346页:图,地图;24cm
    
    
    ISBN 978-7-03-051816-3:CNY128.00
    本书系统总结了前人的研究成果和编者多年来的科研积累,侧重从低热值煤的燃烧中、燃烧后污染物的控制进行介绍。全书围绕低热值煤燃烧生成污染物的控制,系统阐述了燃烧中与燃烧后污染物控制的技术原理和技术工艺与装置,并收集超低排放背景下低热值煤清洁燃烧炉型、污染物控制技术,烟气净化的工艺流程及工程实例,各章之后还附有思考题,供读者复习所介绍内容并拓展相关知识领域,对清洁发电,实现超低排放提供技术支撑,具有重要的理论和现实意义。
●
相关链接 在E读中查询图书 在五车中查询图书 在当当中查询图书 在豆瓣中查询图书


正题名:低热值煤燃烧污染控制技术及原理     索取号:X773/261         预约/预借

序号 登录号 条形码 馆藏地/架位号 状态 备注
1 1028731   210287312   第二样本阅览室/ [索取号:X773/261] 在馆    
2 1028732   210287321   密集书库-化学系/ [索取号:X773/261] 在馆    
3 1028733   210287330   第三借阅区/ [索取号:X773/261] 在馆    
唐山师范学院图书馆 欢迎您!
大连网信软件有限公司© 版权所有